header

Terrorism and the chemical infrastructure (Record no. 80570)

MARC details
000 -LEADER
fixed length control field 02004nam a2200361Ia 4500
082 04 - DEWEY DECIMAL CLASSIFICATION NUMBER
Classification number 660/.2804
245 00 - TITLE STATEMENT
Title Terrorism and the chemical infrastructure
260 ## - PUBLICATION, DISTRIBUTION, ETC. (IMPRINT)
Place of publication Washington, DC :
Name of publisher National Academies Press,
Year of publication c2006.
300 ## - PHYSICAL DESCRIPTION
Number of Pages xv, 136 p. :
Other physical details ill.
650 #0 - SUBJECT ADDED ENTRY--TOPICAL TERM
Topical Term Chemical plants
Topical Term Chemical plants
Topical Term Chemical industry
Topical Term Chemical industry
856 40 - ELECTRONIC LOCATION AND ACCESS
Uniform Resource Identifier http://site.ebrary.com/lib/rucke/Doc?id=10132082

No items available.

© 2026 Rongo University
Contact us: librarian | system librarian | Rongo university